000 00550 a2200181 4500
001 58505
005 20260407155841.0
008 260407a1979 arg spa d
003 AR-UNSa-BCEJYS
040 _aAR-UNSa-BCEJYS
_bspa
_cAR-UNSa-BCEJYS
080 _a35.073.6
_xImpuestos. Pago de servicios. Tarifas. Tasas
245 1 0 _aEstructura del procedimiento impositivo
264 1 _aBuenos Aires :
_bAbeledo Perrot
_c1979
300 _a163 p.
_c24 cm.
942 _cBK
590 _aniveau_biblio:m niveau_hierar:0
100 1 _aRossen, Eduardo Augusto
999 _c6429
_d6429